Faculty of Law Library — Cairo University

Official Online Catalog

Travail Professionnel Et Charges Familiales De La Femme Ouvrière : (Record no. 76233)

MARC details
000 -LEADER
fixed length control field 01109nam a2200313 i 4500
003 - CONTROL NUMBER IDENTIFIER
control field EG-GICUC
005 - DATE AND TIME OF LATEST TRANSACTION
control field 20260507214148.0
008 - FIXED-LENGTH DATA ELEMENTS--GENERAL INFORMATION
fixed length control field 260507s1956 fr ||||fr|||| 00| 0 fre d
040 ## - CATALOGING SOURCE
Original cataloging agency EG-GiCUC
Language of cataloging fre
Transcribing agency EG-GiCUC
Modifying agency EG-GiCUC
Description conventions Rda
041 ## - LANGUAGE CODE
Language code of text/sound track or separate title fre
082 04 - DEWEY DECIMAL CLASSIFICATION NUMBER
Edition number 21
Classification number 345.43
Item number VO.T
092 04 - LOCALLY ASSIGNED DEWEY CALL NUMBER (OCLC)
Edition number 21
099 ## - LOCAL FREE-TEXT CALL NUMBER (OCLC)
Classification number Law1 07 345.43 VO.T 1956
100 1# - MAIN ENTRY--PERSONAL NAME
Personal name Vossesmal , Gabrielle
Relator term Auteur
245 ## - TITLE STATEMENT
Title Travail Professionnel Et Charges Familiales De La Femme Ouvrière :
Remainder of title Enquête Dans L'Agglomération Namuroise /
Statement of responsibility, etc. Gabrielle Vossesmal .
264 ## - PRODUCTION, PUBLICATION, DISTRIBUTION, MANUFACTURE, AND COPYRIGHT NOTICE
Place of production, publication, distribution, manufacture Paris :
Name of producer, publisher, distributor, manufacturer FACULTÉ DE DROIT DE LIÈGE ,
Date of production, publication, distribution, manufacture, or copyright notice 1956 .
300 ## - PHYSICAL DESCRIPTION
Extent 234 page ;
Dimensions 24 cm.
336 ## - CONTENT TYPE
Source rda contenu
Content type term texte
337 ## - MEDIA TYPE
Source rda medias
Media type term Ordinateur
338 ## - CARRIER TYPE
Source transporteur rda
Carrier type term Ressource en ligne
490 ## - SERIES STATEMENT
Series statement COLLECTION SCIENTIFIQUE DE LA FACULTÉ DE DROIT DE L'UNIVERSITÉ DE LIÈGE
Volume/sequential designation No.2
546 ## - LANGUAGE NOTE
Language note Texte en français
650 1# - SUBJECT ADDED ENTRY--TOPICAL TERM
Topical term or geographic name entry element Droit administratif
650 1# - SUBJECT ADDED ENTRY--TOPICAL TERM
Topical term or geographic name entry element Droits des fonctionnaires
651 1# - SUBJECT ADDED ENTRY--GEOGRAPHIC NAME
Source of heading or term qrmak
856 40 - ELECTRONIC LOCATION AND ACCESS
Uniform Resource Identifier <a href="https://fll.law.cu.edu.eg/fulltext/bks/B07-05717.pdf">https://fll.law.cu.edu.eg/fulltext/bks/B07-05717.pdf</a>
905 ## - Cataloger and Reviser Names
Cataloger Name: Hager Sameh
942 ## - ADDED ENTRY ELEMENTS (KOHA)
Source of classification or shelving scheme Dewey Decimal Classification
Koha item type Books
Edition 21
Suppress in OPAC No
Holdings
Withdrawn status Lost status Source of classification or shelving scheme Damaged status Not for loan Collection Home library Current library Date acquired Total checkouts Full call number Barcode Date last seen Copy number Price effective from Koha item type
    Dewey Decimal Classification   Not for loan القانون الإداري جــــامعة القــاهرة مكتبة كلية الحقوق - المبنى الرئيسي 08.05.2026   Law1 07 345.43 VO.T 1956 0705717 C1 B07-05717 07.05.2026 1 07.05.2026 Books

© All rights reserved — Faculty of Law, Cairo University